000
00489nam a2200181Ia 4500
008
090124s9999 xx 000 0 und d
082
_b
121923
100
_a
साठे शंकर भाऊ
245
_a
काळा ओढा
250
_a
1
260
_c
1987
300
_a
155
600
_a
साठे शंकर भाऊ
630
_a
काळा ओढा
700
_a
साठे शंकर भाऊ
730
_a
काळा ओढा
942
_c
BOOK
999
_c
168009
_d
168009